00409nam a2200145Ia 4500008004100000020001800041041000800059082001500067100005600082245002800138250000600166260006100172300001200233650001800245210716s2005 xx 000 0 und d a9780070994133 aeng a575.1 SINE aSinnott, Edmund W;Dunn, L C;Dobzhansky, Theodosius. aPrinciples of genetics. a5 aNew DelhibTata McGraw Hill Publishing Company Ltdc2005 axiv,459 aGenetics(575)